00278nam a22001217a 4500040000700000082000800007100000700015245007600022260002700098300000900125942000700134999001500141 cSK a333 aNA aForest concession management plan of pheapimex fuchan cambodia co., ltd aKOMPONG THOMbNAc2002 a59p. cEK c9226d9226